LEADER 03480nam 22009254a 450 001 9910454212403321 005 20200520144314.0 010 $a1-282-19517-4 010 $a9786612195174 010 $a3-11-020082-1 024 7 $a10.1515/9783110200829 035 $a(CKB)1000000000689101 035 $a(EBL)325594 035 $a(OCoLC)191926257 035 $a(SSID)ssj0000271859 035 $a(PQKBManifestationID)11204966 035 $a(PQKBTitleCode)TC0000271859 035 $a(PQKBWorkID)10295296 035 $a(PQKB)10657929 035 $a(MiAaPQ)EBC325594 035 $a(DE-B1597)32710 035 $a(OCoLC)741344515 035 $a(OCoLC)853270281 035 $a(DE-B1597)9783110200829 035 $a(Au-PeEL)EBL325594 035 $a(CaPaEBR)ebr10197226 035 $a(CaONFJC)MIL219517 035 $a(OCoLC)268793640 035 $a(EXLCZ)991000000000689101 100 $a20050603d2005 uy 0 101 0 $ager 135 $aur|n|---||||| 181 $ctxt 182 $cc 183 $acr 200 10$aWiederverwendung von Antike im Mittelalter$b[electronic resource] $edie Sicht des Archa?ologen und die Sicht des Historikers /$fArnold Esch 210 $aBerlin ;$aNew York $cDe Gruyter$dc2005 215 $a1 online resource (100 p.) 225 1 $aHans-Lietzmann-Vorlesungen ;$vHeft 7 300 $aBased on lectures given Dec. 3, 2003 in Jena and Dec. 4, 2003 in Berlin. 300 $a"Akademieunternehmen 'Griechische Christliche Schriftsteller' der Berlin-Brandenburgischen Akademie der Wissenschaften"--P. facing t.p. 311 $a3-11-916280-9 311 $a3-11-018426-5 320 $aIncludes bibliographical references. 327 $t Frontmatter -- $tInhaltsverzeichnis -- $tLaudatio Arnold Esch -- $tWiederverwendung von Antike im Mittelalter -- $t Backmatter 330 $aWiederverwendung antiker Architekturteile und Skulpturen im Mittelalter (sog. Spolien), gesehen aus der Perspektive von Archäologen, Historikern und Kunsthistorikern. 410 0$aHans-Lietzmann-Vorlesungen ;$vHeft 7. 606 $aArchitecture, Medieval 606 $aArchitecture, Classical$xAppreciation$zEurope 606 $aSculpture, Classical$xAppreciation$zEurope 606 $aBuilding materials$xRecycling$zEurope 606 $aBuildings$xRemodeling for other use$zEurope 606 $aCivilization, Medieval$xClassical influences 606 $aMiddle Ages$xHistoriography 606 $aHistory, Ancient$xHistoriography 606 $aArchaeology and history 606 $aSpolia (archeologie)$2gtt 608 $aElectronic books. 615 0$aArchitecture, Medieval. 615 0$aArchitecture, Classical$xAppreciation 615 0$aSculpture, Classical$xAppreciation 615 0$aBuilding materials$xRecycling 615 0$aBuildings$xRemodeling for other use 615 0$aCivilization, Medieval$xClassical influences. 615 0$aMiddle Ages$xHistoriography. 615 0$aHistory, Ancient$xHistoriography. 615 0$aArchaeology and history. 615 17$aSpolia (archeologie) 676 $a723 686 $a15.34$2bcl 686 $a15.70$2bcl 700 $aEsch$b Arnold$0152057 712 02$aBerlin-Brandenburgische Akademie der Wissenschaften. 801 0$bMiAaPQ 801 1$bMiAaPQ 801 2$bMiAaPQ 906 $aBOOK 912 $a9910454212403321 996 $aWiederverwendung von Antike im Mittelalter$92459836 997 $aUNINA LEADER 02447nam0 2200505 i 450 001 RAV0205784 005 20251003044327.0 020 $aIT$b71220 100 $a19960117d1971 ||||0itac50 ba 101 | $aita 102 $ait 181 1$6z01$ai $bxxxe 182 1$6z01$an 200 1 $aClasse operaia e partito comunista alla FIAT$ela strategia della collaborazione, 1945-1949$fLiliana Lanzardo 210 $aTorino$cEinaudi$d1971 215 $a655 p.$d18 cm 225 | $aSerie politica$v22 410 0$1001RAV0075628$12001 $aSerie politica$v22 606 $aMovimento operaio$xTorino$x1945-1949$2FIR$3SBLC013004$9I 676 $a331.80904$9CONTRATTAZIONE COLLETTIVA, SINDACATI, MOVIMENTO DEI LAVORATORI NEL 20. SECOLO$v20 676 $a331.88$9MOVIMENTO OPERAIO SINDACATI$v17 676 $a331.88$9SINDACATI$v21 676 $a331.880945$9SINDACATI. Italia$v23 676 $a331.88094512$9SINDACATI. TORINO$v19 676 $a331.880945121$9SINDACATI. Torino$v21 676 $a331.880945121$9SINDACATI. Torino$v22 686 $aC.i.7$cPartito comunista italiano. P.C.I. e sindacati$2F 686 $aIT/342.5/PCI$cPARTITI E MOVIMENTI POLITICI ITALIA PARTITO COMUNISTA ITALIANO 1945-1968$2R 686 $aIT/3430.2$cRICOSTRUZIONE ITALIA 1945-1968$2R 686 $aIT/3432.3$cGRANDE INDUSTRIA PRIVATA ITALIA 1945-1968$2R 686 $aIT/3436.5$cLOTTE OPERAIE ITALIA 1945-1968$2R 686 $aPIE/35.2/TO$cPOLITICA E CULTURA PIEMONTE 1945-1968 TORINO$2R 686 $aPIE/35.3/TO$cECONOMIA E SOCIETA PIEMONTE 1945-1968 TORINO$2R 696 $aOpposizione operaia 699 $aMovimento operaio$zOpposizione operaia 700 1$aLanzardo$b, Liliana$3CFIV062115$4070$0129900 801 3$aIT$bIT-000000$c19960117 850 $aIT-BN0095 $aIT-SA0252 $aIT-NA0230 901 $bNAP 83$cIAN $n$ 901 $bNAP 01$cPOZZO LIB.$nVi sono collocati fondi di economia, periodici di ingegneria e scienze, periodici di economia e statistica e altri fondi comprendenti documenti di economia pervenuti in dono. 912 $aRAV0205784 950 0$aBiblioteca Centralizzata di Ateneo$c1 v.$d 01POZZO LIB.F. SANTI 421$e 0101 0060033065E VMA 1 v. (Precedente collocazione S 4487)$fB $h20221111$i20221111 977 $a 01$a 83$a IR 996 $aCLASSE OPERAIA E PARTITO COMUNISTA ALLA FIAT$9451169 997 $aUNISANNIO